000 01687cam a22004574i 4500
003 PE-LiUPU
005 20250731172728.0
008 150617s1969 sp r 000 0 spa d
035 _a(Sirsi) a11382
040 _aPE-LiUPU
_bspa
_cPE-LiUPU
_erda
049 _aPRUA
082 0 4 _a221.07
_bCBAT
_221
100 1 _aEllis, Peter F.,
_eautor.
245 1 0 _aLibros de los Reyes /
_cIntroducción y comentario por Peter F. Ellis.
264 1 _aSantander :
_bEditorial Sal Terrae,
_c1969.
300 _a181 páginas ;
_c17 centímetros.
336 _atext
_2rdacontent
337 _aunmediated
_2rdamedia
338 _avolume
_2rdacarrier
490 0 _a(Conoce la Biblia: Antiguo Testamento ;
_v7)
500 _aTítulo en cubierta: "Los reyes"
505 0 _aSalomón y su reino: Salomón sucede a David -- El reinado de Salomón -- Historia simóptica de los Reyes de Israel y Judá: La división del reino -- Historia sinóptica desde Jehú hasta la caída de Samaria -- Los últimos reyes de Judá -- Temas para repaso y discusión -- Abreviaturas.
526 _aSEG42
526 _aSEG41
526 _aSEG40
526 _aSEG39
526 _aP94
526 _aP87
526 _aP86
526 _aP85
526 _aP77
526 _aP76
526 _aP35
630 0 _aBiblia.
_pI Reyes
_xCrítica, interpretación, etc.
_91542
630 0 _aBiblia.
_pII Reyes
_xCrítica, interpretación, etc.
_91542
910 _ajck
942 _2ddc
_cBK
949 _a221.08 C 7
_wDEWEY
_c1
_i13439
_lCCODEBUL1
_mBUL
_p20.00
_r0
_sY
_tBOOK
_u19740830
_xTEOLOGIA
_0COMPRA
_o.STAFF. Colección Teología
999 _c1527
_d1527
980 _81
_gALBERTO SANCHEZ Responsable de Automatización